| 000 | 01260nam0a2200325 4500 | ||
|---|---|---|---|
| 001 | RU\NLR\bibl\857326 | ||
| 005 | 20250614153728.0 | ||
| 021 |
_aRU _b2005-30370 _91520 |
||
| 035 | _a(NLR Aleph) 000846038 | ||
| 090 |
_a1450361 _c1450361 |
||
| 100 | _a20051020d2005 |||y0rusy50 ca | ||
| 101 | 0 | _arus | |
| 102 | _aRU | ||
| 105 | _ac ||||||||| | ||
| 200 | 1 |
_aМы солдаты Второй мировой _f[авт.-сост. Иванов М.И.] |
|
| 210 |
_aЧебоксары _c[б. и.] _d2005 |
||
| 215 |
_a269 c. _cпортр. _d22 |
||
| 606 | 0 |
_aВеликая Отечественная война _jВоспоминания, записки и т.п. _xГерои и героизм _yЧувашская АССР _z1941 - 1945 _92240665 _3RU\NLR\auth\661344537 |
|
| 606 | 1 |
_aСоветско-японская война _jВоспоминания, записки и т.п. _z1945 _91350686 _3RU\NLR\auth\66249354 |
|
| 686 | _aЦ35(2)722-424д(2Р-6Чу),013 | ||
| 686 | _aЦ35(2)722.5,013 | ||
| 686 | _aТ3(2)722,013 | ||
| 702 | 1 |
_aИванов _bМ. И. _gМихаил Иванович _4220 |
|
| 801 | 0 |
_aRU _bNLR _c20051020 _grcr |
|
| 801 | 1 |
_aRU _bNLR _c20051020 |
|
| 942 | _cBOOK | ||
| 980 | _aNB | ||
| 980 | _aNBR | ||